Music Quiz

Random Music or Bands Quiz

Music Quadrants Quiz Stats

 Plays Quiz Updated Apr 16, 2021

Support Sporcle.
Go Orange.
Score 0/18 Timer 08:00
1 Play Today
% Correct
The Beatles
99.3%
Jackson 5
98%
The Rolling Stones
93.4%
U2
93%
Queen
92.7%
Spice Girls
92.1%
'N SYNC
91.3%
Black Eyed Peas
86.4%
Destiny's Child
83.3%
% Correct
Black Sabbath
83%
Guns N' Roses
82.6%
ABBA
75.9%
Backstreet Boys
71.8%
Metallica
69.9%
N.W.A.
67.6%
Red Hot Chili Peppers
67.5%
The Who
64.4%
New Kids On The Block
50.9%

You're not logged in!

Compare scores with friends on all Sporcle quizzes.
OR
Log In

From the Vault

Hand-Drawn Soccer

by ddavey1983

Shouldn't all football highlights be hand drawn?
Remove Ads.
Support Sporcle.
Get the best of Sporcle when you Go Orange. This ad-free experience offers more features, more stats, and more fun while also helping to support Sporcle. Thank you for becoming a member.

Show Comments

Extras

Top Quizzes Today


Score Distribution

Your Account Isn't Verified!

In order to create a playlist on Sporcle, you need to verify the email address you used during registration. Go to your Sporcle Settings to finish the process.

Report this User

Report this user for behavior that violates our Community Guidelines.

Details: